Obwody Ukrainy graniczące z Białorusią - Statystyki

Ogólne statystyki
  • Ten quiz został rozwiązany 30 razy
  • Średni wynik to 3 z 5
Statystyki odpowiedzi
Obwód % Poprawnych
Wołyński
95%
Kijowski
80%
Żytomierski
65%
Czernihowski
50%
Równieński
50%
Nie znaleziono quizów pasujących do podanych kryteriów
Rozkład punktacji
Procent ludzi z każdym wynikiem
Percentyl według liczby udzielonych odpowiedzi
Twoja historia wyników
Nie rozwiązałeś tego quizu